000
00291nam a22001337a 4500
008
190305b xxu||||| |||| 00| 0 eng d
020
_a
0808914944
041
_a
eng
080
_a
617
100
_a
8
101
_a
DER
245
_a
Occupational Skin Disease
_c
Adams, R.M
942
_2
udc
_c
BK
999
_c
54574
_d
54574